| 000 | 01211nam a22002537a 4500 | ||
|---|---|---|---|
| 005 | 20260302125941.0 | ||
| 008 | 260302b ||||| |||| 00| 0 eng d | ||
| 020 | _a97895876785980001 | ||
| 040 |
_aCO-BoUCM _bspa _cSandra Palacio _dSandra Palacio |
||
| 041 | _aspa | ||
| 100 |
_aBarreto Moreno, Antonio Alejandro _9160162 |
||
| 245 |
_aEl derecho de la compra pública _bestudio jurídico de un mercado imperfecto _cAntonio Alejandro Barreto Moreno |
||
| 260 |
_aBogotá, Colombia _bLegis _bUniversidad de La Sabana _c2019 |
||
| 300 | _a315 páginas | ||
| 504 | _aIncluye referencias bibliográficas e índices | ||
| 505 | _rEstudio exhaustivo sobre la normativa de compras públicas en Colombia, analizando los principios de transparencia, selección objetiva y la gestión eficiente de los recursos estatales en la contratación. | ||
| 650 | 4 |
_aCompras públicas _xAspectos jurídicos _zColombia _9188213 |
|
| 650 | 4 |
_aContratos administrativos _zColombia _939367 |
|
| 650 | 4 |
_aGasto público _xLegislación _zColombia _9188214 |
|
| 710 |
_aUniversidad de La Sabana (Colombia) _9188215 |
||
| 710 |
_aLegis _952474 |
||
| 942 |
_2DEWEY _a8 _cLIBRO _e1 _h343.0721 _mB273de |
||
| 999 |
_c326151 _d326151 |
||